Rural development in Latin America: an evaluation and a proposal /

সংরক্ষণ করুন:
গ্রন্থ-পঞ্জীর বিবরন
প্রধান লেখক: Janvry, Alain de
অন্যান্য লেখক: Marsh, Robin, Runsten, David, Sadoulet, Elisabeth, Zabin, Carol
বিন্যাস: পাঠ‍্য
ট্যাগগুলো: ট্যাগ যুক্ত করুন
কোনো ট্যাগ নেই, প্রথমজন হিসাবে ট্যাগ করুন!

MARC

LEADER 00000 a a2200000 04500
001 47861
003
040
100 |a Janvry, Alain de  
245 |a Rural development in Latin America:   |b an evaluation and a proposal /  |c Alain de Janvry, Robin Marsh, David Runsten, Elisabeth Sadoulet, Carol Zabin  
700 |a Marsh, Robin  
700 |a Runsten, David  
700 |a Sadoulet, Elisabeth  
700 |a Zabin, Carol  
773 |g número12, (1989), 155 páginas  
999 |c 32891  |d 32891